Statistics for Faith Hill Charting Songs (Billboard Hot 100)

Click here to take the quiz!

General Stats

  • This quiz has been taken 5 times
  • The average score is 6 of 23

Answer Stats

AlbumWeeks OnPeakArtist(s)Song% Correct
Breathe53 Weeks#2Faith HillBreathe
100%
Cry26 Weeks#33Faith HillCry
75%
Faith48 Weeks#7Faith HillThis Kiss
50%
It Matters to Me16 Weeks#74Faith HillIt Matters to Me
50%
Pearl Habor20 Weeks#10Faith HillThere You'll Be
50%
Breathe56 Weeks#6Faith HillThe Way You Love Me
25%
Faith8 Weeks#68Faith HillLove Ain't Like That
25%
The Rest of Our Life2 Weeks#61Tim McGraw & Faith HillSpeak to a Girl
25%
Breathe14 Weeks#54Faith Hill with Tim McGrawLet's Make Love
25%
Faith18 Weeks#46Faith HillThe Secret of Life
25%
Sundown Heaven Town19 Weeks#41Tim McGraw ft. Faith HillMeanwhile Back At Mama's
25%
Breathe18 Weeks#39Faith HillIf My Heart Had Wings
25%
Faith10 Weeks#33Faith HillLet Me Let Go
25%
Everywhere20 Weeks#7Tim McGraw with Faith HillIt's Your Love
25%
The Rest of Our Life1 Week#98Tim McGraw & Faith HillThe Rest of Our Life
25%
Fireflies21 Weeks#45Faith HillLike We Never Loved at All
0%
Let It Go16 Weeks#50Tim McGraw with Faith HillI Need You
0%
The Hits2 Weeks#61Faith HillLost
0%
Dr. Seuss' How the Grinch Stole Christmas1 Week#65Faith HillWhere Are You Christmas?
0%
Fireflies20 Weeks#29Faith HillMississippi Girl
0%
Fireflies9 Weeks#69Faith HillThe Lucky One
0%
Fireflies10 Weeks#70Faith HillSunshine and Summertime
0%
Illusion1 Week#82Faith HillCome Home
0%

Score Distribution

Percentile by Number Answered

Percent of People with Each Score

Your Score History

You have not taken this quiz